Online
Catalog

Manual de historia crítica dominicana / (Record no. 49122)

MARC details
000 -CABECERA
campo de control de longitud fija 02370nam a22005057a 4500
003 - IDENTIFICADOR DEL NÚMERO DE CONTROL
campo de control OSt
005 - FECHA Y HORA DE LA ÚLTIMA TRANSACCIÓN
campo de control 20240710123701.0
007 - CAMPO FIJO DE DESCRIPCIÓN FÍSICA--INFORMACIÓN GENERAL
campo de control de longitud fija ta
008 - DATOS DE LONGITUD FIJA--INFORMACIÓN GENERAL
campo de control de longitud fija 201110e2010 rd acbdgri||| 00| 0 spa d
020 ## - NÚMERO INTERNACIONAL ESTÁNDAR DEL LIBRO
Número Internacional Estándar del Libro 9789945004014
040 ## - FUENTE DE LA CATALOGACIÓN
Centro catalogador/agencia de origen DO-SdBNP
Lengua de catalogación spa
Centro/agencia transcriptor BNPHU
041 ## - CÓDIGO DE LENGUA
Código de lengua original Spa
082 #4 - NÚMERO DE LA CLASIFICACIÓN DECIMAL DEWEY
Número de clasificación 972.93
Número de documento/Ítem M385ma 2010
Número de edición 22
100 1# - ENTRADA PRINCIPAL--NOMBRE DE PERSONA
Nombre de persona Martínez Almanzar, Juan Francisco
Fechas asociadas al nombre 1950 -
9 (RLIN) 10459
240 ## - TÍTULO UNIFORME
Título uniforme [Historia dominicana]
245 10 - MENCIÓN DE TÍTULO
Título Manual de historia crítica dominicana /
Mención de responsabilidad, etc. Juan Francisco Martínez Almánzar
250 ## - MENCIÓN DE EDICIÓN
Mención de edición 10.va.
260 ## - PUBLICACIÓN, DISTRIBUCIÓN, ETC.
Lugar de publicación, distribución, etc. Santo Domingo :
Nombre del editor, distribuidor, etc. CAIS,
Fecha de publicación, distribución, etc. 2010.
300 ## - DESCRIPCIÓN FÍSICA
Extensión xviii, 566 p.
Otras características físicas il., retrs, mapas, diagrama ;
Dimensiones 20 cm
490 ## - MENCIÓN DE SERIE
Mención de serie Centro de adiestramiento e investigación social (CAIS)
500 0# - NOTA GENERAL
Nota general Contiene bibliografía.
500 20 - NOTA GENERAL
Nota general Contiene datos biográficos del autor.
505 20 - NOTA DE CONTENIDO CON FORMATO
Nota de contenido con formato Capítulo I :
Título Situación de Europa antes del descubrimiento de América.-
505 20 - NOTA DE CONTENIDO CON FORMATO
Nota de contenido con formato Capítulo II :
Título La sociedad aborigen y el descubrimiento.-
505 20 - NOTA DE CONTENIDO CON FORMATO
Nota de contenido con formato Capítulo III :
Título Conquista y colonización.-
505 20 - NOTA DE CONTENIDO CON FORMATO
Nota de contenido con formato Capítulo IV :
Título La primera mitad del siglo XVI.-
505 20 - NOTA DE CONTENIDO CON FORMATO
Nota de contenido con formato Capítulo V :
Título La española en la segunda mitad del siglo XVI.-
505 20 - NOTA DE CONTENIDO CON FORMATO
Nota de contenido con formato Capítulo VI :
Título la isla de Santo Domingo en el siglo XVII.-
505 20 - NOTA DE CONTENIDO CON FORMATO
Nota de contenido con formato Capítulo VII :
Título La isla de Santo Domingo en el siglo XVIII.-
505 20 - NOTA DE CONTENIDO CON FORMATO
Nota de contenido con formato Capítulo IX :
Título La primera república (1844-1861).-
505 20 - NOTA DE CONTENIDO CON FORMATO
Nota de contenido con formato Capítulo XI :
Título Los inicios de la segunda república.-
505 20 - NOTA DE CONTENIDO CON FORMATO
Nota de contenido con formato Capítulo XII :
Título La lucha por el poder entre azules y rojos.-
505 20 - NOTA DE CONTENIDO CON FORMATO
Nota de contenido con formato Capítulo XIII :
Título La dictadura de Ulises Heureaux.-
505 20 - NOTA DE CONTENIDO CON FORMATO
Nota de contenido con formato Capítulo XIV :
Título Los primeros años del siglo XX.-
505 20 - NOTA DE CONTENIDO CON FORMATO
Nota de contenido con formato Capítulo XV :
Título La intervención militar norteamericana (1916-1924).-
505 20 - NOTA DE CONTENIDO CON FORMATO
Nota de contenido con formato Capítulo XVI :
Título Los indicios de la tercera república.-
505 20 - NOTA DE CONTENIDO CON FORMATO
Nota de contenido con formato Capítulo XVII :
Título La dictadura trujillista.-
505 20 - NOTA DE CONTENIDO CON FORMATO
Nota de contenido con formato Capítulo XVIII :
Título Los primeros cinco años de la década de 1960. (1961-1966).-
505 20 - NOTA DE CONTENIDO CON FORMATO
Nota de contenido con formato Capítulo XIX :
Título Balaguer y los perredeistas en el poder (1966-1996).-
505 20 - NOTA DE CONTENIDO CON FORMATO
Nota de contenido con formato Capítulo XX :
Título Peledeistas y perredeistas en el poder.-
590 ## - NOTA LOCAL (RLIN)
Nota local Inventariado, 2021 / DG
650 4# - PUNTO DE ACCESO ADICIONAL DE MATERIA--TÉRMINO DE MATERIA
Término de materia o nombre geográfico como elemento de entrada República Dominicana
Subdivisión general Historia
9 (RLIN) 416
710 22 - PUNTO DE ACCESO ADICIONAL--NOMBRE DE ENTIDAD CORPORATIVA
Nombre de entidad corporativa o nombre de jurisdicción como elemento de entrada Centro de Adiestramiento e Investigación Social (República Dominicana)
9 (RLIN) 46052
942 ## - ELEMENTOS DE PUNTO DE ACCESO ADICIONAL (KOHA)
Fuente del sistema de clasificación o colocación Dewey Decimal Classification
Tipo de ítem Koha Libro
Holdings
Estado de retiro Estado de pérdida Fuente del sistema de clasificación o colocación Restricciones de uso No para préstamo Código de colección Localización permanente Ubicación/localización actual Ubicación en estantería Fecha de adquisición Fuente de adquisición Signatura topográfica completa Código de barras Fecha visto por última vez Precio válido a partir de Tipo de ítem Koha
    Dewey Decimal Classification Excluido de préstamo   Patrimonio Dominicano Biblioteca Nacional Pedro Henríquez Ureña Biblioteca Nacional Pedro Henríquez Ureña Depósito 07.05.2019 Depósito legal BNPHU PD 972.93 M385ma 2010 49122 10.11.2020 10.11.2020 Libro

Powered by Koha